000 00717nas a2200241 4500
001 BR7700656
003 BR-BrBNA
005 20231205083049.0
007 ta
008 230509b bl.|||p| |||| 00| 00por d
040 _aBR-BrBNA
_bpor
_cBiblioteca Nacional de Agricultura
041 _a(Pt)
072 _aH60
100 1 _aObeid, J.A.
100 1 _aGomide, J.A.
245 1 _aEstudo sobre o sape (Imperata sp.)objetivando seu controle [Brasil]
650 _aERVA DANINHA
650 _aSAPE
650 _aHERBICIDA
773 0 _tRevista da Sociedade Brasileira de Zootecnia (Brazil)
_xISSN 0100-4859
_g(1976), v. 5(2) p. 210-225
_wBR7700656
909 _a202311
_bLúcia
_c55
_dLúcia Elande
942 _2AGRIS
_n0
_cANA
999 _c96139
_d96139